Fr. Conceicao Rodrigues College of Engineering

Mechatronics:Electronic control system in Mechanical and electrical engineering (Record no. 31209)

MARC details
000 -LEADER
fixed length control field 00422nam a2200181Ia 4500
082 ## - DEWEY DECIMAL CLASSIFICATION NUMBER
Classification number 621.381
Item number BOL
100 ## - MAIN ENTRY--PERSONAL NAME
Personal name Bolton/W
250 ## - EDITION STATEMENT
Edition statement 3
245 ## - TITLE STATEMENT
Title Mechatronics:Electronic control system in Mechanical and electrical engineering
260 ## - PUBLICATION, DISTRIBUTION, ETC.
Name of publisher, distributor, etc. Pearson Education
Date of publication, distribution, etc. 2003
366 ## - TRADE AVAILABILITY INFORMATION
Publishers's discount category 25
300 ## - PHYSICAL DESCRIPTION
Extent 590
546 ## - LANGUAGE NOTE
Language note ENGLISH
650 ## - SUBJECT ADDED ENTRY--TOPICAL TERM
Topical term or geographic name entry element Mechatronics
654 ## - SUBJECT ADDED ENTRY--FACETED TOPICAL TERMS
Focus term mechatronics
942 ## - ADDED ENTRY ELEMENTS (KOHA)
Koha item type BOOK
Holdings
Withdrawn status Lost status Damaged status Not for loan Collection Home library Current library Date acquired Source of acquisition Cost, normal purchase price Inventory number Total Checkouts Full call number Barcode Date last seen Cost, replacement price Price effective from Koha item type Date due Date last checked out
        CRC Fr. Agnel's C.Rodrigues College of Engineering Fr. Agnel's C.Rodrigues College of Engineering 17/03/2023 Professional Book house 326.25 147 dt 23/12/2009   621.381 BOL 20237 17/03/2023 435.00   BOOK    
        CRC Fr. Agnel's C.Rodrigues College of Engineering Fr. Agnel's C.Rodrigues College of Engineering 17/03/2023 Professional Book house 326.25 147 dt 23/12/2009   621.381 BOL 20239 17/03/2023 435.00   BOOK    
        CRC Fr. Agnel's C.Rodrigues College of Engineering Fr. Agnel's C.Rodrigues- College of Engineering 17/03/2023 Professional Book house 326.25 147 dt 23/12/2009 1 621.381 BOL 20238 12/06/2023 435.00   BOOK 24/08/2014 12/06/2023